| 000 | 00673nam a22001937a 4500 | ||
|---|---|---|---|
| 999 |
_c195142 _d195142 |
||
| 005 | 20230222172621.0 | ||
| 010 | _aHIN-124851 | ||
| 020 |
_a9789392655029 _c300.00 |
||
| 035 | _aHN-97197 | ||
| 037 | _bDBAD/PUB | ||
| 082 | _a158.1 | ||
| 100 | _aविस्सा, गौरव | ||
| 245 |
_aरूल्स ऑफ़ द जॉब: _bनियम नोकरी के/ _cगौरव विस्सा |
||
| 260 |
_aBikaner _bKalason Prakashan _c2022 |
||
| 270 |
_aModern Market _bBikaner |
||
| 300 |
_a128पृ. _c21सेमी (अजिल्द) |
||
| 700 | _aविस्सा, गौरव | ||
| 942 |
_2ddc _cHN _h158.1 _mविस्सअ |
||